LEADER 01015nam a2200241 i 4500 001 000000341925 003 CaOOAMICUS 005 20200907143828.0 008 200907s2002 fr a u000 u fre u 013 $a201887 040 $aSeMil$bita 100 1 $aDanneels, Godfried,$c.$0(OLS)http://semarc/name/20644 245 13$aLe stress du bonheur /$c[Card. Godfried Danneels]. 260 $aMechelen :$bService de presse de l'Archevêché,$c2002. 300 $a48 p. :$bill. ;$c22 cm 490 0 $aParoles de vie ;$v42 600 14$aDanneels, Godfried .$0(OLS)http://semarc/subject/29190 830 0$aParoles de vie ;$v42.$0(OLS)http://semarc/title/24459 850 $aSeMil 852 $aSeMil$W1$xVenegono$y1$m5D XI 22/43$j221446$B232969$CSeMilBibl$Z2$F232969 $81 996 $6245$aLe stress du bonheur$9(OLS)http://semarc/title/430816 996 $6260$aMechelen :$bService de presse de l'Archevêché$9(OLS)http://semarc/publisher/53299 LEADER 01418nam a2200301 i 4500 001 000000207067 003 CaOOAMICUS 005 20231010142149.0 008 111020s1824 it u000 u ita u 026 $aleo- s-la o,i. DiRe (3) 1824 (R) 040 $aSeMil$bita 100 1 $aParini, Giuseppe,$d<1729-1799>.$0(OLS)http://semarc/name/1284 245 10$aPoesie di Giuseppe Parini. Volume unico. 260 $aMilano :$bPer Nicolò Bettoni,$c1824. 300 $aVIII, [8], 303, [1] p. ;$c4°. 490 0 $aClassica biblioteca italiana antica e moderna 500 $aFront. del v. dopo le prime VIII p. 500 $aEx libris L. Gerosa 500 $aNei preliminari altra nota ms. che reca: Marcus Martinelli ... anno MDCCCXXXIX e timbro I.R. Ginnasio di Monza in Milano 500 $aIn fine, 2 carte bianche con scritte e disegnini a matita 650 4$aParini, Giuseppe <729-1799> - Opere.$0(OLS)http://semarc/subject/507 700 1 $aBettoni, Nicolò,$c.$0(OLS)http://semarc/name/3818 830 0$aClassica biblioteca italiana antica e moderna.$0(OLS)http://semarc/title/34493 850 $aSeMil 852 $aSeMil$W1$xVenegono$y1$m1L VII 36 FA$j157530$B157530$CSeMilBibl$Z2$F168774 $8I 996 $6245$aPoesie di Giuseppe Parini. Volume unico$9(OLS)http://semarc/title/299454 996 $6260$aMilano :$bPer Nicolò Bettoni$9(OLS)http://semarc/publisher/36549